000
00190 a2200097 4500
001
8007
100
_a
Crisip, R
245
_a
Brazen chariots
260
_a
_b
Muller
_c
090
_c
6415
_d
6415
942
_a
NUST-CAE
_c
M
_c
32951
999
_c
243080
_d
243080